00309nam a2200109 a 4500008004100000050001600041100002000057245005100077260004100128300002100169350000900190120416s1971 ||||||||||||||||| || u aNA 6083 Ros aRostem, Osman R14aThe architecture of the Mosque of Sultan Hasan aBeirutbBeirut Arab Universityc1971 avii, 65p. : ill. a0.00